[Event "Kuban 99"]
[Site "Krasnodar RUS"]
[Date "1999.11.13"]
[Round "1"]
[White "Moiseenko,A"]
[Black "Maiorov,O"]
[Result "1-0"]
[WhiteElo "2501"]
[BlackElo "2458"]

1.d4 d5 2.c4 c6 3.Nf3 dxc4 4.e3 b5 5.a4 e6 6.axb5 cxb5 7.b3 Bb4+ 8.Bd2 Bxd2+
9.Nbxd2 a5 10.bxc4 b4 11.c5 Nf6 12.Bb5+ Bd7 13.Bd3 O-O 14.O-O Nc6 15.Nc4 Nd5
16.Qc2 h6 17.e4 Nc3 18.Nb6 Rb8 19.d5 exd5 20.exd5 Ne7 21.Ne5 Be8 22.Bc4 Nc8
23.Nxc8 Rxc8 24.c6 Qd6 25.Rfe1 a4 26.Rxa4 Nxa4 27.Qxa4 f6 28.Nd3 Bf7 29.Qxb4 Rfd8
30.Qxd6 Rxd6 31.Nb4 Kf8 32.Ra1 Rc7 33.f3 Rd8 34.Kf2 Ke7 35.Ke3 Kd6 36.Kd4 Rb8
37.Nd3 Rcc8 38.Ra7 Rc7 39.Rxc7 Kxc7 40.Kc5 Rd8 41.Nb4 Bg8 42.d6+  1-0

[Event "Match"]
[Site "Cannes FRA"]
[Date "1999.11.19"]
[Round "6"]
[White "Tkachiev,V"]
[Black "Van der Wiel,J"]
[Result "1-0"]
[WhiteElo "2648"]
[BlackElo "2544"]

1.d4 Nf6 2.c4 c6 3.Nf3 d5 4.Qb3 e6 5.Bg5 Nbd7 6.Nc3 Qa5 7.Bd2 Qb6 8.g3 Qxb3
9.axb3 b6 10.Bg2 h6 11.O-O Bd6 12.b4 Bb7 13.b5 c5 14.cxd5 Nxd5 15.Nxd5 Bxd5
16.Bc3 O-O 17.Rfd1 Rfd8 18.dxc5 Nxc5 19.Nd4 Bxg2 20.Kxg2 Bf8 21.Nc6 Rxd1
22.Rxd1 a6 23.Ra1 a5 24.Rd1 f6 25.Bd4 a4 26.Be3 a3 27.bxa3 Rxa3 28.Rd8 Rb3
29.Na7 Na4 30.Rb8 Rb2 31.Nc6 e5 32.Ra8 Nc5 33.Bxc5 bxc5 34.Nd8 c4 35.Ne6 Kf7
36.Nxf8 Rxb5 37.Rc8 Rb7 38.f4 exf4 39.gxf4 c3  1-0

[Event "Eu Team Ch"]
[Site "Batumi GEO"]
[Date "1999.11.29"]
[Round "1"]
[White "Bagaturov,G"]
[Black "Haznedaroglu,K"]
[Result "1/2-1/2"]
[WhiteElo "2532"]
[BlackElo "2187"]

1.d4 d5 2.c4 c6 3.Nf3 Nf6 4.Qc2 dxc4 5.Qxc4 Bf5 6.g3 e6 7.Bg2 Be7 8.O-O O-O
9.Nc3 Nbd7 10.e3 Rc8 11.Rd1 Qc7 12.Qe2 e5 13.e4 Bg4 14.h3 Bxf3 15.Qxf3 exd4
16.Rxd4 Ne5 17.Qe2 Bc5 18.Rd1 Rcd8 19.Bg5 Be7 20.Kh1 h6 21.Bxf6 Bxf6 22.f4 Nd7
23.e5 Rfe8 24.Qc2 Be7 25.Ne2 Nb6 26.b3 Rxd1+ 27.Rxd1 Rd8 28.Rxd8+ Bxd8 29.Nd4 Qd7
30.Qe4 Nd5 31.f5 Nc3 32.Qe3 Bb6 33.e6 fxe6 34.Qxc3 Qxd4 35.Qxd4 Bxd4 36.fxe6 Be5
37.g4 Kf8 38.Be4 Ke7 39.Bf5 Kd6 40.Kg2 Bf6 41.Kf3 Kc5 42.e7 Bxe7 43.Bc8 b6
44.Bd7 Kb4 45.Bxc6 Ka3 46.Bd5 b5 47.Bc6 a6 48.Bb7 a5 49.Bd5 Bb4 50.g5 h5
51.Ke4 Kxa2 52.Kf5 Kb2  1/2-1/2

[Event "Eu Team Ch"]
[Site "Batumi GEO"]
[Date "1999.12.01"]
[Round "3"]
[White "Ionescu,Co"]
[Black "Anastasian,A"]
[Result "1/2-1/2"]
[WhiteElo "2434"]
[BlackElo "2545"]

1.d4 d5 2.c4 c6 3.Nf3 Nf6 4.Qc2 dxc4 5.Qxc4 Bf5 6.g3 Nbd7 7.Bg2 e6 8.O-O Nb6
9.Qb3 Qd5 10.Nbd2 Ne4 11.Qe3 Nxd2 12.Nxd2 Qd7 13.Qc3 Be7 14.e4 Bg6 15.Nb3 Rd8
16.Be3 O-O 17.a4 Na8 18.Nc5 Qc8 19.b4 Nc7 20.Rac1 a6 21.Rfd1 f5 22.Bf4 Bxc5
23.dxc5 fxe4 24.Bd6 Rf7 25.Qe5 Rf5 26.Qa1 Rd5 27.Re1 Ne8 28.Be5 Qd7 29.Bxe4 Bxe4
30.Rxe4 Qf7 31.Kg2 Rd3 32.Rf4 Qd7 33.Qa2 h6 34.h4 Qd5+ 35.Qxd5 exd5 36.Re1 Rd7
37.h5 Re7 38.Kf1 Ra3 39.a5 Rb3 40.g4 Rh3 41.Kg2 Rd3 42.Kf1 Re6 43.f3 Re7
44.Re2 Rb3 45.Kf2 Re6  1/2-1/2

[Event "Open"]
[Site "Las Palmas ESP"]
[Date "1999.12.02"]
[Round "2"]
[White "Barlov,D"]
[Black "Ribeiro,F"]
[Result "1-0"]
[WhiteElo "2485"]
[BlackElo "2217"]

1.Nf3 d5 2.d4 Nf6 3.c4 c6 4.Qc2 e6 5.g3 Bd6 6.Bg2 O-O 7.O-O Nbd7 8.Bg5 h6
9.Bxf6 Qxf6 10.Nbd2 Qe7 11.e4 Bb4 12.Rad1 Bxd2 13.Nxd2 Nb6 14.c5 Nd7 15.e5 f5
16.f4 b6 17.b4 a5 18.a3 axb4 19.axb4 bxc5 20.dxc5 Ba6 21.Rfe1 Rfb8 22.Qc3 Rb7
23.Ra1 Rba7 24.Nf3 Nb8 25.Nd4 Kf7 26.g4 g6 27.gxf5 gxf5 28.Qh3 Qf8 29.Qh5+ Ke7
30.Qg6 Qf7 31.Qf6+ Qxf6 32.exf6+ Kf7 33.Rxe6 Bc8 34.Re7+ Rxe7 35.Rxa8 Rb7
36.b5 Kxf6 37.bxc6 Nxc6 38.Nxc6 Rb1+ 39.Bf1  1-0

[Event "City-ch"]
[Site "Mar del Plata ARG"]
[Date "1999.12.03"]
[Round "10"]
[White "Quatrini,A"]
[Black "Kanefsck,G"]
[Result "0-1"]
[WhiteElo "2140"]
[BlackElo "2391"]

1.d4 d5 2.c4 c6 3.Nf3 Nf6 4.Qc2 e6 5.g3 Nbd7 6.Bg2 Bd6 7.O-O O-O 8.Nbd2 Re8
9.e4 Nxe4 10.Nxe4 dxe4 11.Qxe4 e5 12.Qc2 exd4 13.Nxd4 Qf6 14.Nf5 Bf8 15.Bd2 Ne5
16.Nd4 c5 17.Nb5 Nf3+ 18.Kh1 Re2 19.Rad1 Bg4 20.Qd3 Ne5 21.Qc3 Qf5 22.Bf4 Ng6
23.Bd6 Rc2 24.Qe3 Bxd1 25.Rxd1 Rd8  0-1

[Event "ch-ARG Najdorf mem"]
[Site "Buenos Aires ARG"]
[Date "1999.12.05"]
[Round "13"]
[White "Hoffman,A"]
[Black "Rubinetti,J"]
[Result "1-0"]
[WhiteElo "2524"]
[BlackElo "2432"]

1.d4 d5 2.c4 c6 3.Nf3 Nf6 4.Qc2 e6 5.g3 dxc4 6.Qxc4 b5 7.Qb3 Bb7 8.Bg2 a6
9.a4 Nbd7 10.Bg5 c5 11.axb5 Bd5 12.Bxf6 Nxf6 13.Qa4 Qb6 14.Nc3 axb5 15.Qxb5+ Qxb5
16.Rxa8+ Bxa8 17.Nxb5 Bc6 18.Na7 Bxf3 19.Bxf3 cxd4 20.Nc6 Bc5 21.O-O O-O
22.Rd1 g5 23.b4 Bb6 24.Rd2 Nd7 25.e3 e5 26.exd4 exd4 27.Kg2 Re8 28.Nxd4 Ne5
29.Nf5 g4 30.Be2 h5 31.b5 Kf8 32.Rc2 Rd8 33.f3 gxf3+ 34.Bxf3 Ng4 35.h3 Ne3+
36.Nxe3 Bxe3 37.Bxh5 Rd5 38.Be2 Rf5 39.Bf1 Rf6 40.Bd3 Kg7 41.Be4 Bb6 42.h4 Re6
43.Rc6 Rxc6 44.bxc6 Kf6 45.Kf3 Ke5 46.g4 Bc7 47.g5 Kd6 48.Kg4 Ke7 49.Kf5 Kf8
50.h5 Kg7 51.h6+ Kf8 52.Bd5 Ba5 53.Bxf7  1-0

[Event "ch-NED (qualifier KO)"]
[Site "Rotterdam NED"]
[Date "1999.12.05"]
[Round "1.2"]
[White "Ernst,S"]
[Black "Kroeze,F"]
[Result "1/2-1/2"]
[WhiteElo "2444"]
[BlackElo "2363"]

1.d4 d5 2.c4 c6 3.Nf3 dxc4 4.g3 b5 5.Bg2 Bb7 6.O-O e6 7.Ne5 Nd7 8.f4 Qc7
9.b3 Nxe5 10.fxe5 c5 11.Bxb7 Qxb7 12.bxc4 cxd4 13.Qxd4 Rc8  1/2-1/2

[Event "ch-RUS KO"]
[Site "Moscow RUS"]
[Date "1999.12.24"]
[Round "5.2"]
[White "Bezgodov,A"]
[Black "Lastin,A"]
[Result "1/2-1/2"]
[WhiteElo "2576"]
[BlackElo "2552"]

1.d4 d5 2.c4 c6 3.Nf3 Nf6 4.Qc2 g6 5.Bf4 dxc4 6.e4 b5 7.Be2 Bg7 8.O-O O-O
9.Nc3 Bb7 10.Rad1 Na6 11.a4 Qb6 12.axb5 cxb5 13.d5 Nc5 14.e5 Nfd7 15.h4 Rac8
16.h5 b4 17.Na4 Nxa4 18.Qxa4 Nc5 19.Qa2 b3 20.Qa3 Qb5 21.Nd4 Qa4 22.Nc6 Bxc6
23.Qxc5 Ba8 24.Qe3 Qb5  1/2-1/2

[Event "It B"]
[Site "Paretana ESP"]
[Date "1999.12.28"]
[Round "2"]
[White "Hernando Rodrigo,Ju"]
[Black "Granados Gomez,M"]
[Result "1/2-1/2"]
[WhiteElo "2266"]
[BlackElo "2358"]

1.d4 d5 2.c4 c6 3.Nf3 dxc4 4.e3 Be6 5.a4 Nf6 6.Na3 c5 7.Bxc4 Bxc4 8.Nxc4 cxd4
9.O-O dxe3 10.Qxd8+ Kxd8 11.Bxe3 Nc6 12.b4 Nxb4 13.Ng5 Ke8 14.Ne5 h6 15.Ngxf7 Rh7
16.Rab1 Nfd5 17.Rfc1 g5 18.Rc4 Rxf7 19.Nxf7 Kxf7 20.Rbxb4 Nxb4 21.Rxb4 b6
22.h4 gxh4 23.Rxh4 Kg6 24.Rg4+ Kh7 25.Rc4 Kg6 26.Rc6+ Kh7 27.Rc7 Kg8 28.Kf1 Kf7
29.Ke2 Ke8 30.Kd3 h5 31.Ke4 Kd8 32.Rxa7 Rxa7 33.Bxb6+ Rc7 34.Kf5 Bg7 35.Kg6 Bd4
36.Bxd4 Rc4 37.Bb6+ Kd7 38.Kxh5 Rxa4 39.g4 Ke6 40.Be3 Re4 41.Kg5  1/2-1/2

[Event "Alushta3"]
[Site "Alushta"]
[Date "1999.??.??"]
[Round "?"]
[White "Askarian, Karen"]
[Black "Kochetkov, German"]
[Result "1/2-1/2"]
[WhiteElo "2295"]
[BlackElo "2395"]

1.d4 d5 2.Nf3 Nf6 3.c4 c6 4.g3 g6 5.cxd5 cxd5 6.Bg2 Bg7 7.O-O O-O 8.Ne5 Nfd7
9.Bxd5 Nxe5 10.dxe5 Bxe5 11.Qb3 e6 12.Bg2 Qb6 13.Qxb6 axb6 14.Nc3  1/2-1/2

[Event "ROM-ch sf"]
[Site "Baile Tusnad"]
[Date "1999.??.??"]
[Round "2"]
[White "Breahna, Radu"]
[Black "Roua, Radu Catalin"]
[Result "1-0"]
[WhiteElo "2320"]
[BlackElo "2127"]

1.d4 d5 2.Nf3 Nf6 3.c4 c6 4.Qc2 g6 5.Bf4 Bf5 6.Qb3 Qb6 7.c5 Qxb3 8.axb3 Nbd7
9.Nc3 Nh5 10.Bc7 Rc8 11.Rxa7 Nxc5 12.Be5 f6 13.dxc5 fxe5 14.Nxe5 Bg7 15.Nf3 Rc7
16.e3 O-O 17.Be2 e5 18.e4 dxe4 19.Nd2 Nf4 20.Bc4+ Kh8 21.O-O Nd3 22.Ndxe4 Nxb2
23.Be2 Rd7 24.g4 Be6 25.Rb1 Nd3 26.Rd1 Nf4 27.Rxd7 Nxe2+ 28.Nxe2 Bxd7 29.h3 Bc8
30.Nd6 Be6 31.Rxb7 h5 32.gxh5 gxh5 33.Ng3 h4 34.Nge4 Bh6 35.b4 Kg8 36.Kg2 Bd5
37.f3 Bg7 38.Rc7 Rb8 39.Rc8+ Rxc8 40.Nxc8 Kf8 41.Ncd6 Bh6 42.Nf5 Bc1 43.Nxh4 Kf7
44.Nf5 Ba3 45.b5 cxb5 46.Nfd6+ Kg6 47.Nxb5 Bb4 48.Nbd6 Ba3 49.h4 Bc6  1-0

[Event "ROM-ch sf"]
[Site "Baile Tusnad"]
[Date "1999.??.??"]
[Round "3"]
[White "Dumitrache, Dragos"]
[Black "Toma, Alin"]
[Result "1-0"]
[WhiteElo "2439"]
[BlackElo "2202"]

1.d4 d5 2.c4 c6 3.Nf3 dxc4 4.e3 Be6 5.a4 Nf6 6.Na3 Bf5 7.Nxc4 e6 8.Be2 Be7
9.O-O O-O 10.Qb3 Qc7 11.Bd2 Ne4 12.Ba5 Qc8 13.Nfe5 Nd7 14.f3 Nxe5 15.Nxe5 Nf6
16.e4 Bg6 17.Rac1 Nd7 18.Nc4 Qb8 19.Be1 b5 20.axb5 cxb5 21.Na5 Qb6 22.Nc6 Bf6
23.Ba5 Bxd4+ 24.Kh1 Nc5 25.Bxb6 Nxb3 26.Bxd4 Nxc1 27.Rxc1 a6 28.Kg1 f6 29.Ne7+ Kh8
30.Kf2 Rfd8 31.Nxg6+ hxg6 32.Ke3 Rac8 33.Rxc8 Rxc8 34.Bc3 Kg8 35.f4 Kf7 36.Bf3 Rb8
37.Kd4 b4 38.Be1 a5 39.Kc4 Rc8+ 40.Kb3 Rc1 41.Bf2 Rb1 42.Bd4 g5 43.fxg5 e5
44.Be3 a4+ 45.Kxb4 Rxb2+ 46.Kxa4 Kg6 47.gxf6 Kxf6 48.Bc5 g6 49.Bb4 Ke6 50.Kb5 Rb1
51.Kc4 Rc1+ 52.Kd3 Ra1 53.Ke3 Ra2 54.Be1 Rb2 55.Bh4 Kf7 56.Bg5 Ra2 57.h4 Kg7
58.Be2 Rc2 59.g4 Kf7 60.h5 gxh5 61.gxh5 Kg7 62.Bg4  1-0

[Event "ROM-ch sf"]
[Site "Baile Tusnad"]
[Date "1999.??.??"]
[Round "6"]
[White "Dumitrache, Dragos"]
[Black "Murariu, Andrei"]
[Result "1-0"]
[WhiteElo "2439"]
[BlackElo "2190"]

1.d4 d5 2.c4 c6 3.Nf3 Nf6 4.Qb3 Qb6 5.Nc3 Bf5 6.c5 Qxb3 7.axb3 Na6 8.Bf4 Nh5
9.Bd2 Nc7 10.h3 Bc2 11.b4 a6 12.Rc1 Bg6 13.Ne5 Nf6 14.Na4 Ne4 15.Nb6 Rd8
16.Bf4 Na8 17.Na4 e6 18.h4 f6 19.Nd3 f5 20.Be5 Rg8 21.h5 Bf7 22.f3 Nf6 23.h6 Be7
24.hxg7 Rxg7 25.Kf2 h5 26.e3 Kd7 27.Be2 Rdg8 28.g3 Rh7 29.Rh3 Ne8 30.Rch1 Nf6
31.Bd1 Ke8 32.Nc3 Nd7 33.Bf4 Bg5 34.Bxg5 Rxg5 35.f4 Rgg7 36.Bxh5 Bxh5 37.Rxh5 Nf6
38.Rxh7 Rxh7 39.Rxh7 Nxh7 40.Kg2 Nf6 41.Ne5 Kf8 42.Kh3 Kg7 43.Kh4 Nc7 44.Na4 Na8
45.Nb6 Nxb6 46.cxb6 Ne4 47.Nxc6 Nd6 48.Na5 Kg6 49.Nb3 Nc4 50.Nc5 Nxb6 51.Nxb7 Na8
52.Nc5 Nc7 53.Nd7 Kh6 54.Ne5 Ne8 55.g4 fxg4 56.Kxg4 Nf6+ 57.Kf3 Kg7 58.f5  1-0

[Event "Regionalliga SW9899"]
[Site "Bayern"]
[Date "1999.??.??"]
[Round "?"]
[White "Uhlmann, Helge"]
[Black "Wiest, Georg"]
[Result "1/2-1/2"]
[WhiteElo "2075"]
[BlackElo "2110"]

1.d4 Nf6 2.Nf3 d5 3.c4 c6 4.g3 Nbd7 5.Bg2 e6 6.O-O Be7 7.Nc3 O-O 8.b3 b6
9.Bb2 Bb7 10.Ne5 Nxe5 11.dxe5 Ne8 12.cxd5 exd5 13.e3 f6 14.Ne2 fxe5 15.Bxe5 Bf6
16.Qd4 Bxe5 17.Qxe5 Qf6 18.Qxf6 Nxf6 19.Nf4 Rfe8 20.h4 Rad8 21.Rfd1 Re7 22.Rd2 Rde8
23.Rad1 Ne4 24.Bxe4 Rxe4 25.Rd4 Bc8 26.Rxe4 Rxe4 27.Rd4 Re7 28.Kg2 Bf5 29.Kf3 Kf7
30.Ke2 Kf6 31.b4 b5 32.Kd2 Ke5 33.Nd3+ Bxd3 34.Kxd3 Kd6 35.h5 c5 36.bxc5+ Kxc5
37.Rf4 a5 38.h6 gxh6 39.Rf6 Re4 40.Kc3 d4+ 41.exd4+ Rxd4 42.Rxh6 b4+ 43.Kc2 Rd7
44.Rh5+ Kb6 45.Rh6+ Kb5 46.Rh5+ Ka4 47.g4 Rf7 48.Rf5 Rc7+ 49.Kb2 Re7 50.Rf3 Re4
51.Rh3 Re2+ 52.Kb1 Rxf2 53.Rxh7 Rg2 54.Rh4 Rg3 55.Kb2 Rg1 56.Rh2 Rxg4 57.Rf2 Rc4
58.Rh2 Kb5 59.a3 Rf4 60.axb4 axb4  1/2-1/2

[Event "Oberliga Bayern9899"]
[Site "Bayern"]
[Date "1999.??.??"]
[Round "?"]
[White "Geberl, Hans Walter"]
[Black "Diekers, Michael"]
[Result "1/2-1/2"]
[WhiteElo "2085"]
[BlackElo "2145"]

1.d4 d5 2.Nf3 Nf6 3.c4 c6 4.Qb3 e6 5.g3 Nbd7 6.Bg2 Bd6 7.O-O O-O 8.Bf4 Qc7
9.Bxd6 Qxd6 10.Nc3 dxc4 11.Qxc4 e5 12.dxe5 Nxe5 13.Nxe5 Qxe5 14.e4 Be6 15.Qe2 Rad8
16.Rfd1 Qc5 17.Na4 Qb4 18.b3 h6 19.Qe3 b6 20.h3 c5 21.f4 Rd4 22.f5 Rfd8 23.Rxd4 cxd4
24.Qd3 Bd7 25.e5 Bb5 26.Qd1 Nh7 27.Qg4 Kh8 28.Qf4 Qe7 29.Rd1 Bxa4 30.bxa4 d3
31.Be4 Ng5 32.Kh2 Nxe4 33.Qxe4 Qc5 34.Qf4 Qc3 35.f6 Re8 36.fxg7+ Kxg7 37.Qf6+ Kg8
38.Rf1 Qxe5 39.Qxf7+ Kh8 40.Rf2 Qe6 41.Qf4 Qe3 42.Kg2 Qxf4 43.gxf4 Re3 44.h4 Kg7
45.Rd2 Kf6 46.Kf2 Rh3 47.Kg2 Re3 48.Kf2 Re4 49.a5 Rxf4+ 50.Ke3 Rxh4 51.axb6 Rh3+
52.Kd4 axb6 53.Rb2 Ke7 54.Rxb6 d2 55.Rb1 Ra3 56.Rd1 Rxa2 57.Ke3 h5 58.Rxd2 Rxd2
59.Kxd2 h4  1/2-1/2

[Event "Regionalliga SO9899"]
[Site "Bayern"]
[Date "1999.??.??"]
[Round "?"]
[White "Kislinger, Georg"]
[Black "Roth, Peter"]
[Result "1/2-1/2"]
[WhiteElo "2065"]
[BlackElo "1970"]

1.Nf3 Nf6 2.d4 d5 3.c4 c6 4.Qc2 g6 5.g3 Bg7 6.Bg2 O-O 7.O-O Bf5 8.Qb3 Qc8
9.Nc3 dxc4 10.Qxc4 Bh3 11.e4 Bxg2 12.Kxg2 e6 13.Bf4 Nbd7 14.Rac1 Nb6 15.Qb3 Qd7
16.Rfd1 h6 17.a4 Rad8 18.a5 Nc8 19.Ne5 Qe7 20.f3 Nh5 21.Be3 c5 22.a6 cxd4
23.axb7 Bxe5 24.bxc8=Q Rxc8 25.Bxd4  1/2-1/2

[Event "Landesliga Sued 9899"]
[Site "Bayern"]
[Date "1999.??.??"]
[Round "?"]
[White "Lechtynsky, Jiri"]
[Black "Safyanovsky, Mark"]
[Result "1-0"]
[WhiteElo "2420"]
[BlackElo "2395"]

1.Nf3 d5 2.d4 c6 3.c4 Nf6 4.Qc2 g6 5.e3 Bf5 6.Bd3 Bxd3 7.Qxd3 Nbd7 8.Nc3 Bg7
9.cxd5 cxd5 10.Qb5 e6 11.Qxb7 O-O 12.O-O Qa5 13.Nd2 Rfc8 14.Nb3 Qd8 15.Qa6 Bf8
16.Bd2 Nb6 17.Na4 Nc4 18.Bc3 Ne4 19.Rac1 Bd6 20.Nbc5 Qh4 21.g3 Nxg3 22.fxg3 Bxg3
23.Rc2 Nxe3 24.Qe2 Nxc2 25.Qxc2 Bd6 26.b4 Rab8 27.Qe2 Rxb4 28.Bxb4 Qxd4+
29.Qf2 Qg4+ 30.Kh1 f5 31.Bc3 e5 32.Rg1 Qc4 33.Qxf5 Re8 34.Rxg6+ hxg6 35.Qxg6+ Kf8
36.Qxd6+ Kf7 37.Qd7+ Kf6 38.Qd6+ Kf7 39.Qd7+ Kf6 40.Qh3 d4 41.Qf3+ Kg7 42.Bd2 Qf7
43.Qxf7+ Kxf7 44.Ne4 Rh8 45.Nac5 Kg6 46.Kg2 Kf5 47.Nd6+ Kf6 48.Kg3 Rg8+ 49.Kf2 Rh8
50.Bg5+ Kg6 51.h4  1-0

[Event "Oberliga Bayern9899"]
[Site "Bayern"]
[Date "1999.??.??"]
[Round "?"]
[White "Aulinger, Reimund"]
[Black "Koenig, Dietrich"]
[Result "0-1"]
[WhiteElo "2170"]
[BlackElo "2310"]

1.d4 d5 2.c4 c6 3.Nf3 Nf6 4.Qc2 dxc4 5.g3 Bg4 6.Nbd2 e6 7.Bg2 Nbd7 8.Nxc4 Nb6
9.O-O Bf5 10.Qb3 Nxc4 11.Qxc4 Be4 12.Bf4 Be7 13.Rfd1 O-O 14.Ne5 Bxg2 15.Kxg2 Qb6
16.Rac1 Rfd8 17.Rd3 a5 18.a4 Nd5 19.Bd2 Qxb2 20.Rc2 Qb6 21.Rf3 Bf6 22.Rb3 Qc7
23.Rcb2 b5 24.axb5 Bxe5 25.dxe5 cxb5 26.Qxb5 a4 27.Rf3 Rdb8  0-1

[Event "JUG-ch"]
[Site "Belgrade"]
[Date "1999.??.??"]
[Round "1"]
[White "Barlov, Dragan"]
[Black "Kosic, Dragan"]
[Result "1/2-1/2"]
[WhiteElo "2471"]
[BlackElo "2528"]

1.d4 d5 2.c4 c6 3.Nf3 Nf6 4.Qc2 e6 5.g3 Nbd7 6.Bg2 Bd6 7.O-O O-O 8.Nbd2 Re8
9.e4 Nxe4 10.Nxe4 dxe4 11.Qxe4 e5 12.Qc2 exd4 13.Nxd4 Qf6 14.Be3 Ne5 15.c5 Bc7
16.h3 Bd7 17.Rfe1 Rad8 18.f4 Ng6 19.Qf2 Ne7 20.Rad1 h5 21.Bc1 Nd5 22.Nf3 b6
23.Kh2 bxc5 24.Qxc5 Rxe1 25.Rxe1 h4 26.Nxh4 Nxf4 27.Rf1 Nd3 28.Rxf6 Nxc5
29.Rf1 Nd3 30.Rd1 Be6 31.Be3 Nxb2 32.Rxd8+ Bxd8 33.Bxa7  1/2-1/2

[Event "JUG-ch"]
[Site "Belgrade"]
[Date "1999.??.??"]
[Round "3"]
[White "Ilincic, Zlatko"]
[Black "Antic, Dejan"]
[Result "1/2-1/2"]
[WhiteElo "2575"]
[BlackElo "2479"]

1.d4 d5 2.c4 c6 3.Nf3 Nf6 4.Qc2 e6 5.g3 Be7 6.Bg2 O-O 7.O-O Nbd7 8.Rd1 b6
9.b3 Bb7 10.Nc3 Qc8 11.Bb2 Ba6 12.Nd2 b5 13.e4 bxc4 14.bxc4 dxc4 15.Bf1 Nb6
16.Na4 Nxa4 17.Qxa4 Bb5 18.Qc2 c5 19.Nxc4 cxd4 20.Bxd4 Qc6 21.e5 Nd5 22.a4 Ba6
23.Ne3 Qxc2 24.Nxc2 Bxf1 25.Kxf1 Rfc8 26.Ne3 Nxe3+ 27.Bxe3 Bc5 28.Ke2 Bxe3
29.Kxe3 Rc5 30.f4 g5 31.Rac1 gxf4+ 32.gxf4 Rxc1 33.Rxc1 Rb8 34.Rc7 a5 35.Rc5 Rb3+
36.Kd4 Rb4+ 37.Rc4 Rb2 38.Rc5 Rxh2 39.Rxa5 h5 40.Ke4 Kg7 41.Kf3 Rh3+ 42.Kg2 Ra3
43.Ra7 Kg6 44.a5 f6 45.exf6 Kxf6 46.a6 Kf5 47.Rf7+ Kg4 48.a7 Ra2+ 49.Kf1 h4
50.Rf6 Rxa7 51.Rxe6 Ra2 52.Kg1 Kxf4 53.Rg6 Ra5 54.Kh2 Rg5 55.Rxg5 Kxg5 56.Kh3 Kh5
57.Kh2 Kg4 58.Kg2 h3+ 59.Kh2 Kh4 60.Kg1 Kg3 61.Kh1 h2  1/2-1/2

[Event "Berlin Tegel-B"]
[Site "Berlin"]
[Date "1999.??.??"]
[Round "8"]
[White "Ivanov, Mikhail M"]
[Black "Welling, Gerard"]
[Result "0-1"]
[WhiteElo "2510"]
[BlackElo "2370"]

1.d4 d5 2.Nf3 Nf6 3.c4 c6 4.Qc2 g6 5.Bf4 Bg7 6.e3 O-O 7.Nc3 Be6 8.Qb3 dxc4
9.Bxc4 Bxc4 10.Qxc4 Nd5 11.Bg3 Na6 12.O-O Nb6 13.Qe2 c5 14.dxc5 Nxc5 15.Rfd1 Qc8
16.Rac1 Qg4 17.Nd5 Nxd5 18.Rxc5 Nb6 19.Rc7 Qe6 20.b3 Rfc8 21.Rdc1 Rxc7 22.Rxc7 Rc8
23.Qd2 Rxc7 24.Bxc7 Nd5 25.h3 h6 26.Bb8 a6 27.Qa5 Kh7 28.Qc5 Nc3 29.a3 Bf6
30.b4 Qb3 31.Be5 Qxa3 32.Bxf6 exf6 33.Qc7 Kg7 34.Qxb7 Ne2+ 35.Kh2 Qa1 36.Nd4 Qg1+  0-1

[Event "Berlin Tegel-B"]
[Site "Berlin"]
[Date "1999.??.??"]
[Round "11"]
[White "Ivanov, Mikhail M"]
[Black "Zierke, Oliver"]
[Result "1-0"]
[WhiteElo "2510"]
[BlackElo "2315"]

1.d4 Nf6 2.c4 c6 3.Nf3 d5 4.Qc2 dxc4 5.e4 b5 6.b3 cxb3 7.axb3 e6 8.Bd2 a5
9.Bd3 h6 10.O-O Be7 11.Bf4 Bb7 12.Qe2 Nbd7 13.Nc3 b4 14.Na4 Qc8 15.Nd2 Ba6
16.Nc4 Bxc4 17.Bxc4 Qb7 18.Rfc1 O-O 19.Bd3 Rfc8 20.e5 Nd5 21.Qe4 Nf8 22.Bd2 Rd8
23.Nc5 Qb6 24.Rc4 f5 25.exf6 Nxf6 26.Qe2 Rxd4 27.Rxd4 Bxc5 28.Rf4 Bd4 29.Be3 Bxe3
30.Qxe3 Qxe3 31.fxe3 Nd5 32.Rc4 Nd7 33.Be4 Ra6 34.Bxd5 cxd5 35.Rxb4 axb4
36.Rxa6 Nc5 37.Rb6 Nxb3 38.Rxe6 d4 39.exd4 Nxd4 40.Rb6 Nf5 41.Rxb4 Kf7 42.Rb6 h5
43.Kf2 g5 44.Kf3 Nh4+ 45.Ke4 g4 46.g3 Nf3 47.h4 Kg7 48.Kf5 Kh7 49.Rb7+ Kh6
50.Rd7  1-0

[Event "Budapest FS07 Elo"]
[Site "Budapest"]
[Date "1999.??.??"]
[Round "2"]
[White "Nemeth, Maria"]
[Black "Horvath, Kalman"]
[Result "1-0"]
[WhiteElo "2095"]
[BlackElo "2130"]

1.d4 Nf6 2.c4 c6 3.Nf3 d5 4.Qc2 g6 5.Bf4 Bf5 6.Qb3 Qb6 7.c5 Qxb3 8.axb3 Na6
9.Bd2 Ne4 10.e3 Nc7 11.b4 Bg7 12.Nc3 Nxd2 13.Nxd2 e5 14.dxe5 Bxe5 15.Nf3 Bg7
16.Be2 O-O 17.O-O b6 18.cxb6 axb6 19.Rfd1 Rfe8 20.Kf1 b5 21.h3 Bf8 22.Nd4 Bd7
23.Nc2 f5 24.Bf3 g5 25.g4 Kg7 26.Kg2 fxg4 27.hxg4 Rxa1 28.Rxa1 Ra8 29.Rd1 Be8
30.e4 dxe4 31.Bxe4 Ne6 32.Nxb5 Nf4+ 33.Kg3 Rc8 34.Nd6 Bxd6 35.Rxd6 c5 36.bxc5 Rxc5
37.Nd4 Re5 38.f3 Bg6 39.Bxg6 hxg6 40.b4 Ne2+ 41.Kf2 Nc3 42.Rc6 Nd1+ 43.Kg3 Rd5
44.Nc2 Rd2 45.b5 Nf2 46.b6 Nh1+ 47.Kh3 Nf2+ 48.Kg2 Nxg4+ 49.Kg3 Ne5 50.Rc7+  1-0

[Event "CUB-ch U20"]
[Site "Camaguey"]
[Date "1999.??.??"]
[Round "5"]
[White "Almeida, Omar"]
[Black "Dominguez, Lenier"]
[Result "1/2-1/2"]
[WhiteElo "2370"]
[BlackElo "2505"]

1.d4 d5 2.c4 c6 3.Nf3 Nf6 4.Qc2 dxc4 5.Qxc4 Bf5 6.Nc3 e6 7.Bg5 Be7 8.Bxf6 Bxf6
9.e4 Bg4 10.O-O-O Nd7 11.Be2 Qa5 12.h3 Bxf3 13.Bxf3 Nb6 14.Qb3 O-O-O 15.e5 Be7
16.Kb1 Rd7 17.Qc2 Kb8 18.Rd3 Rhd8 19.Rhd1 h6 20.Ne4 Nd5 21.a3 Nf4 22.Rb3 Ka8
23.g3 Nd5 24.Rbd3 Nc7 25.Nc5 Bxc5 26.dxc5 Rxd3 27.Rxd3 Nb5 28.Qc4 a6 29.a4 Rxd3
30.Qxd3 Qxa4  1/2-1/2

[Event "Cannes"]
[Site "Cannes"]
[Date "1999.??.??"]
[Round "3"]
[White "Drasko, Milan"]
[Black "Leski, Marc"]
[Result "1-0"]
[WhiteElo "2505"]
[BlackElo "2392"]

1.d4 d5 2.c4 c6 3.Nf3 Nf6 4.Qc2 dxc4 5.Qxc4 Bf5 6.Nc3 e6 7.g3 Nbd7 8.Bg2 Be7
9.O-O O-O 10.e3 Ne4 11.Qe2 Nxc3 12.bxc3 Be4 13.c4 c5 14.Bb2 Nb6 15.Rac1 Na4
16.Ba1 Bf6 17.Rfd1 Qc7 18.Bf1 Rfd8 19.Nd2 Bc6 20.Nb3 b6 21.d5 Bxa1 22.dxc6 Bf6
23.Bg2 Nc3 24.Rxd8+ Rxd8 25.Qc2 Rd6 26.Re1 Rxc6 27.Bxc6 Qxc6 28.Nd2 h5 29.f3 Qa4
30.Qxa4 Nxa4 31.Ne4 Be7 32.Rd1 f5 33.Rd7 Kf8 34.Rxa7 Nb2 35.Nd2 Bf6 36.Ra6  1-0

[Event "Cappelle op"]
[Site "Cappelle la Grande"]
[Date "1999.??.??"]
[Round "9"]
[White "Ac, Michal"]
[Black "Rausis, Igors"]
[Result "0-1"]
[WhiteElo "2265"]
[BlackElo "2508"]

1.d4 d5 2.Nf3 c6 3.c4 dxc4 4.a4 Nf6 5.Nc3 Bf5 6.e3 e6 7.Bxc4 Bb4 8.O-O Nbd7
9.Nh4 Bg4 10.f3 Bh5 11.g4 Bg6 12.Ng2 Qa5 13.Na2 Bd6 14.h4 O-O-O 15.b4 Qc7
16.Kh1 e5 17.Bb2 exd4 18.exd4 Nb6 19.Bb3 h5 20.g5 Qd7  0-1

[Event "Ceske Budejovice op"]
[Site "Ceske Budejovice"]
[Date "1999.??.??"]
[Round "4"]
[White "Vokac, Marek"]
[Black "Dolezal, Jiri"]
[Result "1-0"]
[WhiteElo "2490"]
[BlackElo "2220"]

1.d4 d5 2.c4 c6 3.Nf3 Nf6 4.Qc2 g6 5.g3 Bg7 6.Bg2 O-O 7.O-O Bf5 8.Qb3 Qb6
9.Nc3 dxc4 10.Qxc4 Na6 11.e3 Rad8 12.Qe2 Bg4 13.h3 Bxf3 14.Bxf3 Nd5 15.Rd1 Nxc3
16.bxc3 e5 17.Bd2 f5 18.Rab1 Qc7 19.Qc4+ Kh8 20.Qa4 Ra8 21.Rb2 Nb8 22.Rdb1 b5
23.Qc2 Nd7 24.c4 Rac8 25.cxb5 exd4 26.bxc6 Ne5 27.Bg2 Nxc6 28.Rb7 Qd6 29.Qa4 dxe3
30.Bxe3 Rfd8 31.Bg5 Re8 32.Rd1 Qc5 33.Rc1  1-0

[Event "Clichy"]
[Site "Clichy"]
[Date "1999.??.??"]
[Round "5"]
[White "Verat, Laurent"]
[Black "Badii, Madjid"]
[Result "1-0"]
[WhiteElo "2294"]
[BlackElo "2290"]

1.d4 d5 2.Nf3 Nf6 3.c4 c6 4.Nbd2 Bf5 5.g3 e6 6.Nh4 Nbd7 7.Nxf5 exf5 8.Bg2 g6
9.O-O Bg7 10.Qb3 Qb6 11.Qe3+ Ne4 12.c5 Qb4 13.Nb3 O-O 14.f3 Nef6 15.Bd2 Qa4
16.Qd3 b6 17.Bf4 Rfe8 18.Rad1 Re6 19.Rfe1 Rae8 20.e3 bxc5 21.dxc5 Nh5 22.Bd6 Bxb2
23.Qd2 Be5 24.Nd4 Bxd4 25.Qxd4 Qxd4 26.Rxd4 Rxe3 27.Rxe3 Rxe3 28.Ra4 Re1+
29.Bf1 Rc1 30.Ra6 Nxc5 31.Rxc6 Nd3 32.Rxc1 Nxc1 33.a4 Nb3 34.Kf2 Nf6 35.Ke3 Nd7
36.Bb5 Nb6 37.Kd3 Na5 38.Kd4 f6 39.Bb4 Nb3+ 40.Kc3 Nc1 41.Kb2 Nd3+ 42.Bxd3 Nxa4+
43.Kb3 Nb6 44.Kc3 Kf7 45.Kd4 Ke6 46.f4 Nd7 47.Ba6 Nb6 48.Bc5 g5 49.Bb7 h6
50.Bxb6 axb6 51.Bxd5+  1-0

[Event "Creon op"]
[Site "Creon"]
[Date "1999.??.??"]
[Round "?"]
[White "Le Bourhis, Dominique"]
[Black "Rausis, Igors"]
[Result "0-1"]
[WhiteElo "2073"]
[BlackElo "2508"]

1.d4 d5 2.c4 dxc4 3.Nf3 c6 4.e4 b5 5.a4 Nf6 6.e5 Nd5 7.axb5 cxb5 8.b3 e6
9.bxc4 bxc4 10.Bxc4 Bb4+ 11.Nbd2 a5 12.O-O O-O 13.Ne4 Ba6 14.Bd3 h6 15.Bxa6 Nxa6
16.g4 f5 17.exf6 Nxf6 18.Nxf6+ Qxf6 19.Ne5 Rad8 20.g5 hxg5 21.Qg4 Qf5 22.Qxg5 Rxd4
23.Qxf5 Rxf5 24.Be3 Rd6 25.f4 Nc7 26.Rfc1 Nd5 27.Rc8+ Kh7 28.Bc5 Bxc5+ 29.Rxc5 Nxf4
30.Rcxa5 Rd2  0-1

[Event "Creon op"]
[Site "Creon"]
[Date "1999.??.??"]
[Round "?"]
[White "Rausis, Igors"]
[Black "Boudre, Jean Pierre"]
[Result "1-0"]
[WhiteElo "2508"]
[BlackElo "2389"]

1.d4 d5 2.c4 c6 3.Nf3 Nf6 4.Qc2 g6 5.Bf4 Bg7 6.e3 Na6 7.Nc3 O-O 8.Be2 dxc4
9.Bxc4 b5 10.Be2 Nb4 11.Qd2 Nbd5 12.Nxd5 Nxd5 13.Bg3 Bg4 14.O-O Qd7 15.Rfc1 Rfc8
16.a4 a6 17.h3 Bxf3 18.Bxf3 e6 19.Qa5 f5 20.axb5 cxb5 21.Rxc8+ Qxc8 22.Bxd5 exd5
23.Qb6 Bf8 24.Qf6 Bg7 25.Qd6 Qb7 26.Rc1 Bf8 27.Qf6 Bg7 28.Qe6+ Qf7 29.Qc6 Ra7
30.Bc7 Bf8 31.Qb6 Ra8 32.Qb7 Re8 33.Qxa6 b4 34.Bf4 h6 35.Qb5 g5 36.Be5  1-0